[Event "FRA-chT3 1314"]
[Site "France"]
[Date "2013.10.13"]
[Round "1.4"]
[White "Renard, Stephane"]
[Black "Hallosserie, Xavier"]
[Result "1-0"]
[WhiteElo "1955"]
[BlackElo "1809"]
[PlyCount "50"]
[EventDate "2013.10.13"]
[EventType "team-tourn"]
[EventRounds "9"]
[EventCountry "FRA"]
[SourceTitle "EXT 2019"]
[Source "ChessBase"]
[SourceDate "2018.10.10"]
[SourceVersion "1"]
[SourceVersionDate "2018.10.10"]
[SourceQuality "1"]

1. f4 d5 2. Nf3 Nf6 3. e3 Bg4 4. d3 e6 5. h3 Bxf3 6. Qxf3 Nc6 7. Nc3 h5 8. Bd2 Qd7 9. 0-0-0 0-0-0 10. g3 Bc5 11. Bg2 a6 12. g4 Qe7 13. g5 Ne8 14. h4 Nd6 15. e4 Nd4 16. Qh3 dxe4 17. Nxe4 N6b5 18. Rhe1 Ba7 19. c3 Nf5 20. d4 Qd7 21. Be3 Qd5 22. Kb1 Nbd6 23. Bf2 Qb5 24. Nxd6+ Rxd6 25. Qf3 Nxh4 1-0

[Event "Bethune op-B 23th"]
[Site "Bethune"]
[Date "2002.12.30"]
[Round "7"]
[White "Hallosserie, Xavier"]
[Black "Dubois, Philippe"]
[Result "0-1"]
[WhiteElo "1700"]
[BlackElo "1610"]
[PlyCount "74"]
[EventDate "2002.12.26"]
[EventType "swiss"]
[EventRounds "7"]
[EventCountry "FRA"]
[SourceTitle "CBM 091 Extra"]
[Source "ChessBase"]
[SourceDate "2003.01.09"]
[SourceVersion "1"]
[SourceVersionDate "2003.01.09"]
[SourceQuality "1"]

1. e4 c5 2. Nf3 d6 3. d4 cxd4 4. Nxd4 Nf6 5. Nc3 a6 6. a4 e6 7. f4 g6 8. Be2 Bg7 9. Be3 0-0 10. 0-0 Nc6 11. Nb3 Re8 12. g4 Qc7 13. Bf3 Nd7 14. Qd2 Nb6 15. Qe2 Ne7 16. Nd2 Nd7 17. Ra3 Rb8 18. h4 f5 19. h5 fxe4 20. Ndxe4 d5 21. Ng5 Nc5 22. Rd1 gxh5 23. Bd4 hxg4 24. Qh2 Bxd4+ 25. Rxd4 Nf5 26. Nxd5 exd5 27. Bxd5+ Ne6 28. Rc4 Qb6+ 29. Kh1 Re7 30. Re4 g3 31. Qe2 Nfg7 32. Rxg3 Qxb2 33. Rb3 Qc1+ 34. Kg2 Kh8 35. Nxe6 Nxe6 36. Bxe6 Bxe6 37. Rbe3 Bd5 0-1

[Event "Bethune op-B 23th"]
[Site "Bethune"]
[Date "2002.12.27"]
[Round "3"]
[White "Tournay, Angelina"]
[Black "Hallosserie, Xavier"]
[Result "1-0"]
[WhiteElo "1500"]
[BlackElo "1700"]
[PlyCount "74"]
[EventDate "2002.12.26"]
[EventType "swiss"]
[EventRounds "7"]
[EventCountry "FRA"]
[SourceTitle "CBM 091 Extra"]
[Source "ChessBase"]
[SourceDate "2003.01.09"]
[SourceVersion "1"]
[SourceVersionDate "2003.01.09"]
[SourceQuality "1"]

1. e4 e6 2. Nf3 c5 3. d4 cxd4 4. Nxd4 Nf6 5. Nc3 Nc6 6. Bg5 a6 7. Nxc6 bxc6 8. e5 h6 9. Bh4 g5 10. exf6 gxh4 11. Qd4 d5 12. Qxh4 Rg8 13. Bd3 Bg7 14. Qa4 Bxf6 15. Qxc6+ Bd7 16. Qb7 Rb8 17. Qxa6 Rxb2 18. Qa3 Qb8 19. 0-0 Be7 20. Qa6 Bd6 21. g3 Rg5 22. Rab1 Ke7 23. Rxb2 Qxb2 24. Nb5 Bxb5 25. Qxb5 Qxa2 26. c4 dxc4 27. Qxc4 Qd2 28. Rb1 Rc5 29. Qh4+ Qg5 30. Qd4 Rc1+ 31. Kg2 Rxb1 32. Bxb1 f5 33. Qh8 Bc5 34. Qh7+ Kd6 35. h4 Qf6 36. Qg8 Qb2 37. Qf8+ Kc6 1-0